Zodiac Signs Positive Personality Traits - Statistics

General Stats
  • This quiz has been taken 1,114 times
  • The average score is 10 of 12
Answer Stats
Personality Answer % Correct
Balanced, Charming, Gracious Libra
87%
Energetic, Brave, Athletic Aries
84%
Caring, Protective, Tenacious Cancer
83%
Outgoing, Charasmatic, Generous Leo
83%
Intuitive, Passionate, Powerful Scorpio
80%
Disciplined, Organized, Resourceful Capricorn
79%
Loyal, Sensual, Patient Taurus
79%
Analytical, Modest, Reliable Virgo
79%
Original, Independent, Unique Aquarius
78%
Clever, Witty, Intellectual Gemini
78%
Compassionate, Imaginative, Adaptable Pisces
78%
Optomistic, Adventurous, Philosophical Sagittarius
75%
No matching quizzes found
Score Distribution
Percent of People with Each Score
Percentile by Number Answered
Your Score History
You have not taken this quiz